000 00388nam a2200169Ia 4500
008 170705s9999 xx 000 0 und d
020 _a9781408300596
245 _aMouse shapes /
245 _cEllen Stoll Walsh.
260 _aSydney :
260 _bOrchard Books,
260 _c2007
300 _aunpaged :
300 _bcolor illustration ;
300 _c17cm.
500 _a370
999 _c335650
_d335650